000
00291nam a2200121Ia 4500
008
220204s9999 xx 000 0 und d
082
_a
581.9
_b
KEL
100
_a
KELLMAN, Martin C
245
0
_a
Plant geography.
260
_a
London
_b
Methuen
_c
1975
650
_a
Plant geography
942
_c
BK
999
_c
24433
_d
24433